EPBD (Record no. 76368)

MARC details
000 -LEADER
fixed length control field 01040cab a2200193 4500
001 - CONTROL NUMBER
control field ##L132237
008 - FIXED-LENGTH DATA ELEMENTS--GENERAL INFORMATION
fixed length control field 060120n2006 000 0 eng u
035 ## - SYSTEM CONTROL NUMBER
System control number (Sirsi) u132237
041 0# - LANGUAGE CODE
Language code of text/sound track or separate title eng
100 1# - MAIN ENTRY--PERSONAL NAME
Personal name Russell-Croucher, Martin
245 00 - TITLE STATEMENT
Title EPBD
Remainder of title lacking energy!
260 ## - PUBLICATION, DISTRIBUTION, ETC.
Date of publication, distribution, etc. 2006
490 #0 - SERIES STATEMENT
Series statement RICS Building Surveying Faculty: The Journal
Volume/sequential designation January / February 2006, 10-11(2)
520 ## - SUMMARY, ETC.
Summary, etc. Reports on the slow progress being made in introducing the energy performance of buildings directive (Directive 2002/91/EC). Looks at the history and objectives of the Directive, examines those articles of the directive which are of importance to surveyors, and outlines the problems which prevented implementation by the due date of 4 January 2006, in particular the lack of an agreed training regime, and of a methodology for producing energy certificates for all properties.
590 ## - LOCAL NOTE (RLIN)
Local note IKA310106
650 24 - SUBJECT ADDED ENTRY--TOPICAL TERM
Topical term or geographic name entry element DIRECTIVE 2002/91/EC
690 ## - LOCAL SUBJECT ADDED ENTRY--TOPICAL TERM (OCLC, RLIN)
Topical term or geographic name as entry element ENVIRONMENTAL AND LAND CONSULTANCY-ENERGY-ENERGY USE-ENERGY EFFICIENCY
942 ## - ADDED ENTRY ELEMENTS (KOHA)
Suppress in OPAC 0
Holdings
Withdrawn status Lost status Source of classification or shelving scheme Damaged status Not for loan Home library Current library Shelving location Date acquired Total Checkouts Full call number Barcode Date last seen Copy number Price effective from Koha item type
    Dewey Decimal Classification     London London Journal article 20/01/2006   L132237 132237-1001 06/08/2019 1 06/08/2019 Journal article